[Event "IV Festival A"]
[Site "Lido degli Estensi - Comacchio ITA"]
[Date "2003.06.13"]
[Round "7"]
[White "Frilli, Guido"]
[Black "Muscolino, Attilio"]
[Result "1-0"]
[WhiteElo "1963"]
[BlackElo "2155"]
[PlyCount "87"]
[EventDate "2003.06.06"]

1. e4 c5 2. Nc3 e6 3. Nf3 Nc6 4. g3 d5 5. d3 Nf6 6. exd5 exd5 7. Bg5 Be7 8. Bg2
O-O 9. O-O Be6 10. Re1 Qd7 11. d4 h6 12. Ne5 Qd8 13. Nxc6 bxc6 14. Be3 Ng4 15.
Bf4 cxd4 16. Qxd4 Qa5 17. Qd3 Qb6 18. Nd1 Bc5 19. Rf1 Rfe8 20. h3 Nf6 21. c3
Bc8 22. b4 Ba6 23. bxc5 Bxd3 24. cxb6 Bxf1 25. b7 Bd3 26. bxa8=Q Rxa8 27. Ne3
Ne4 28. Rd1 Be2 29. Rc1 g5 30. Bc7 Rc8 31. Ba5 Rb8 32. Bxe4 dxe4 33. Bb4 Rb5
34. a4 Re5 35. g4 Kh7 36. Nf5 c5 37. Ba5 Bf3 38. Ne3 h5 39. Kh2 h4 40. Bd8 Kg6
41. Rc2 Re6 42. Rd2 Re8 43. Rd6+ f6 44. Rxf6+ 1-0

[Event "IV Festival A"]
[Site "Lido degli Estensi - Comacchio ITA"]
[Date "2003.06.13"]
[Round "7"]
[White "Grigore, Nicolae Petre"]
[Black "Tomba, Ivan"]
[Result "1/2-1/2"]
[WhiteElo "2370"]
[BlackElo "2131"]
[PlyCount "76"]
[EventDate "2003.06.06"]

1. e4 c5 2. Nf3 d6 3. c3 Nf6 4. Be2 Nbd7 5. d3 b6 6. O-O Bb7 7. Nbd2 e6 8. d4
Nxe4 9. Nxe4 Bxe4 10. Ng5 Bg6 11. d5 e5 12. Bb5 Be7 13. Ne6 fxe6 14. dxe6 O-O
15. Bxd7 Be8 16. Bxe8 Qxe8 17. f4 Qg6 18. Qd5 Rad8 19. Bd2 Rf5 20. Qb7 Qxe6 21.
Qxa7 d5 22. fxe5 Rxe5 23. Rae1 Re2 24. Rxe2 Qxe2 25. Re1 Qxd2 26. Qxe7 Rf8 27.
Qe6+ Kh8 28. Qe2 Qf4 29. h3 h6 30. Rd1 d4 31. cxd4 cxd4 32. Rf1 Qd6 33. Rxf8+
Qxf8 34. a3 Qc5 35. Kf1 Qf5+ 36. Ke1 Qb1+ 37. Kf2 Qf5+ 38. Ke1 Qb1+ 1/2-1/2

[Event "IV Festival A"]
[Site "Lido degli Estensi - Comacchio ITA"]
[Date "2003.06.13"]
[Round "7"]
[White "Isonzo, David"]
[Black "Sarno, Spartaco"]
[Result "1/2-1/2"]
[WhiteElo "2340"]
[BlackElo "2425"]
[PlyCount "20"]
[EventDate "2003.06.06"]

1. e4 c6 2. d4 d5 3. Nc3 dxe4 4. Nxe4 Nd7 5. Nf3 Ngf6 6. Nxf6+ Nxf6 7. Bc4 g6
8. O-O Bg7 9. Re1 O-O 10. h3 Nd5 1/2-1/2

[Event "IV Festival A"]
[Site "Lido degli Estensi - Comacchio ITA"]
[Date "2003.06.13"]
[Round "7"]
[White "Khenkin, Igor"]
[Black "Brumen, Dinko"]
[Result "1-0"]
[WhiteElo "2644"]
[BlackElo "2371"]
[PlyCount "95"]
[EventDate "2003.06.06"]

1. d4 Nf6 2. c4 e6 3. Nc3 d5 4. Nf3 Nbd7 5. cxd5 exd5 6. Bf4 c6 7. Qc2 Be7 8.
h3 O-O 9. e3 Re8 10. Bd3 Nf8 11. O-O-O Be6 12. Kb1 Rc8 13. g4 c5 14. dxc5 Rxc5
15. Be5 Qa5 16. Nd4 Rcc8 17. Nb3 Qb4 18. f4 N6d7 19. a3 Qb6 20. Bd4 Nc5 21.
Bxc5 Bxc5 22. Na4 Bxe3 23. Nxb6 Rxc2 24. Bxc2 Bxb6 25. Rhe1 Bd7 26. Rxe8 Bxe8
27. f5 h5 28. g5 h4 29. Nd4 Nh7 30. Nf3 Bc6 31. g6 fxg6 32. fxg6 Nf6 33. Nxh4
Kf8 34. Nf5 Be8 35. Nd4 Ne4 36. Ne6+ Ke7 37. Nf4 Nf6 38. Nxd5+ Nxd5 39. Rxd5
Kf6 40. h4 Bc6 41. Rd1 Be3 42. Re1 Bd2 43. Re2 Bf4 44. h5 Bd7 45. Rf2 Ke5 46.
Rxf4 Kxf4 47. h6 gxh6 48. Ka2 1-0

[Event "IV Festival A"]
[Site "Lido degli Estensi - Comacchio ITA"]
[Date "2003.06.13"]
[Round "7"]
[White "Kohlweyer, Bernd"]
[Black "Valenti, Giuseppe"]
[Result "1/2-1/2"]
[WhiteElo "2454"]
[BlackElo "2226"]
[PlyCount "50"]
[EventDate "2003.06.06"]

1. d4 Nf6 2. c4 e6 3. Nc3 Bb4 4. e3 b6 5. Nge2 c5 6. a3 Ba5 7. Rb1 Qe7 8. Bd2
Na6 9. Ng3 O-O 10. Bd3 d5 11. O-O dxc4 12. Bxc4 Rd8 13. Qe2 Nc7 14. dxc5 bxc5
15. Rfd1 Bb7 16. Be1 Rxd1 17. Rxd1 Rd8 18. Kf1 Rxd1 19. Qxd1 Qd7 20. Qxd7 Nxd7
21. Nge4 Bc6 22. Be2 Kf8 23. Nd6 Nb6 24. Nc4 Nxc4 25. Bxc4 Ke7 1/2-1/2

[Event "IV Festival A"]
[Site "Lido degli Estensi - Comacchio ITA"]
[Date "2003.06.13"]
[Round "7"]
[White "Lazic, Miroljub"]
[Black "Cebalo, Miso"]
[Result "1/2-1/2"]
[WhiteElo "2508"]
[BlackElo "2524"]
[PlyCount "90"]
[EventDate "2003.06.06"]

1. e4 c5 2. c3 d5 3. exd5 Qxd5 4. d4 g6 5. Na3 cxd4 6. Nb5 Na6 7. Be3 Bg7 8.
Bxd4 Bxd4 9. Qxd4 Qxd4 10. Nxd4 Nc5 11. Ngf3 Nf6 12. Ne5 O-O 13. Be2 Nfd7 14.
Nxd7 Bxd7 15. f4 f6 16. O-O-O e5 17. Bc4+ Kg7 18. fxe5 fxe5 19. Nb3 Nxb3+ 20.
Bxb3 Bc6 21. Bd5 Rf2 22. Bxc6 bxc6 23. Rd2 Raf8 24. Re1 R8f5 25. Kd1 Rxd2+ 26.
Kxd2 Kf6 27. Ke3 Ke6 28. Rd1 a5 29. g3 Rf8 30. b3 a4 31. b4 g5 32. c4 a3 33. b5
cxb5 34. cxb5 Rc8 35. Rd3 Rc2 36. Rxa3 Rxh2 37. b6 Kd7 38. Rb3 Kc8 39. a4 Ra2
40. b7+ Kb8 41. Ke4 Rxa4+ 42. Kf5 h6 43. Kxe5 h5 44. Kf5 h4 45. gxh4 gxh4
1/2-1/2

[Event "IV Festival A"]
[Site "Lido degli Estensi - Comacchio ITA"]
[Date "2003.06.13"]
[Round "7"]
[White "Ortega, Lexy"]
[Black "Contin, Daniel"]
[Result "1/2-1/2"]
[WhiteElo "2448"]
[BlackElo "2340"]
[PlyCount "123"]
[EventDate "2003.06.06"]

1. Nf3 Nf6 2. d4 e6 3. c4 b6 4. g3 Ba6 5. Nbd2 Bb4 6. Qa4 c5 7. a3 Bxd2+ 8.
Bxd2 Bb7 9. Bg2 cxd4 10. O-O O-O 11. Bb4 Re8 12. Nxd4 Bxg2 13. Kxg2 Qc7 14.
Rac1 a6 15. Rfd1 Nc6 16. Nxc6 dxc6 17. c5 b5 18. Ba5 Qxg3+ 19. hxg3 bxa4 20.
Rd4 Rab8 21. Rc2 e5 22. Rxa4 e4 23. Bc3 Nd5 24. Rxa6 Nxc3 25. Rxc3 Rxb2 26. Re3
g6 27. Rxc6 Rc2 28. g4 Re5 29. Kg3 f5 30. gxf5 gxf5 31. Rb3 Rexc5 32. Rb8+ Kf7
33. Rb7+ Kg8 34. Ra6 Rc7 35. Rxc7 Rxc7 36. a4 Rc2 37. e3 Kg7 38. a5 Ra2 39.
Ra7+ Kg6 40. a6 h5 41. Ra8 h4+ 42. Kxh4 Ra5 43. Kh3 Ra3 44. Kg3 Ra2 45. f4 exf3
46. Kxf3 Ra4 47. Ke2 Ra3 48. Kd2 Kg7 49. a7 Kh7 50. Kc2 Kg7 51. Kb2 Ra6 52. Kb3
Ra1 53. Kc4 Ra5 54. Kb4 Ra1 55. Kc5 Ra3 56. Kd5 Rd3+ 57. Kc6 Ra3 58. Kc5 Kh7
59. Kb4 Ra1 60. Kc4 Kg7 61. Kd4 Ra3 62. Kd5 1/2-1/2

[Event "IV Festival A"]
[Site "Lido degli Estensi - Comacchio ITA"]
[Date "2003.06.13"]
[Round "7"]
[White "Roeder, Matthias"]
[Black "Felgaer Ziegler, Ruben"]
[Result "1/2-1/2"]
[WhiteElo "2447"]
[BlackElo "2547"]
[PlyCount "37"]
[EventDate "2003.06.06"]

1. Nf3 c5 2. c4 Nc6 3. d4 cxd4 4. Nxd4 g6 5. e4 Bg7 6. Be3 Nf6 7. Nc3 O-O 8.
Be2 b6 9. O-O Bb7 10. Nxc6 dxc6 11. e5 Ne8 12. f4 Nc7 13. Qb3 Ne6 14. Rad1 Qc7
15. Bg4 Bc8 16. Bf3 Bb7 17. Bg4 Bc8 18. Bf3 Bb7 19. Bg4 1/2-1/2

[Event "IV Festival A"]
[Site "Lido degli Estensi - Comacchio ITA"]
[Date "2003.06.13"]
[Round "7"]
[White "Ronchetti, Niccolo'"]
[Black "Sulava, Nenad"]
[Result "0-1"]
[WhiteElo "2224"]
[BlackElo "2516"]
[PlyCount "74"]
[EventDate "2003.06.06"]

1. e4 c5 2. Nf3 e6 3. d4 cxd4 4. Nxd4 a6 5. c4 Nf6 6. Nc3 Bb4 7. Bd3 Nc6 8. Nc2
Be7 9. O-O O-O 10. b3 d6 11. Ne3 Ne5 12. Bb2 Bd7 13. Be2 Bc6 14. Qc2 Rc8 15.
Rad1 b5 16. a3 Qb6 17. cxb5 axb5 18. Qd2 Rfe8 19. Qd4 Qb7 20. f3 Ng6 21. g3 Bd8
22. Kg2 Bb6 23. Qd2 Red8 24. Nc2 d5 25. e5 d4 26. Nb1 Nxe5 27. Nxd4 Neg4 28. h3
e5 29. hxg4 exd4 30. Qg5 h6 31. Qh4 Nd5 32. Bc1 Re8 33. Rde1 Bd8 34. Qh5 Nf6
35. Qf5 Bd7 36. Qf4 Nxg4 37. Qxd4 Rxc1 0-1

[Event "IV Festival A"]
[Site "Lido degli Estensi - Comacchio ITA"]
[Date "2003.06.13"]
[Round "7"]
[White "Timoscenko, Gennadij A."]
[Black "Miladinovic, Igor"]
[Result "1-0"]
[WhiteElo "2533"]
[BlackElo "2533"]
[PlyCount "93"]
[EventDate "2003.06.06"]

1. d4 Nf6 2. Nf3 c5 3. d5 d6 4. Nc3 e5 5. e4 Be7 6. Be2 Nbd7 7. a4 Nf8 8. Bb5+
Bd7 9. Nd2 Ng6 10. Nc4 h5 11. O-O a6 12. Bxd7+ Nxd7 13. a5 Qc7 14. Qf3 Kf8 15.
Nd1 Nf6 16. Ra3 Kg8 17. Rb3 Rf8 18. g3 Qd7 19. Nde3 Bd8 20. Nf5 Ne8 21. Qe2 f6
22. f4 Rh7 23. Rbf3 Qb5 24. Rb3 Qd7 25. Nfe3 Rf7 26. Qf3 exf4 27. gxf4 Nh4 28.
Qe2 Re7 29. Qf2 g5 30. e5 gxf4 31. e6 fxe3 32. Qg3+ Rhg7 33. exd7 Rxd7 34. Rxe3
Nc7 35. Kh1 Rxg3 36. Rxg3+ Kf7 37. Rh3 f5 38. Rf4 Nxd5 39. Rfxh4 Bxh4 40. Rxh4
Kg6 41. Rh3 Re7 42. Rg3+ Kh7 43. Bd2 Re2 44. Rg2 Re6 45. Rg5 Nf6 46. Rxf5 d5
47. Re5 1-0

[Event "IV Festival A"]
[Site "Lido degli Estensi - Comacchio ITA"]
[Date "2003.06.13"]
[Round "7"]
[White "Trabert, Bettina"]
[Black "Naumkin, Igor"]
[Result "0-1"]
[WhiteElo "2292"]
[BlackElo "2431"]
[PlyCount "90"]
[EventDate "2003.06.06"]

1. e4 e6 2. d4 d5 3. Nd2 c5 4. exd5 Qxd5 5. Ngf3 cxd4 6. Bc4 Qd6 7. O-O Nf6 8.
Nb3 Nc6 9. Nbxd4 Nxd4 10. Qxd4 Bd7 11. Bf4 Qxd4 12. Nxd4 Rc8 13. Bb3 Bc5 14.
Nf3 O-O 15. Ne5 Bb5 16. Rfe1 Rfd8 17. c3 h6 18. a4 Be8 19. Rad1 Nd5 20. Bg3 Nb6
21. a5 Na4 22. Nd3 Be7 23. Be5 Nc5 24. Bc2 Rd5 25. Nb4 Rxd1 26. Bxd1 Bd8 27. a6
bxa6 28. Be2 a5 29. Nd3 Nb3 30. h3 Bb6 31. Bf4 g5 32. Be5 Bb5 33. Bf6 Nd2 34.
h4 Ne4 35. Bd4 Bxd4 36. cxd4 gxh4 37. Ne5 Bxe2 38. Rxe2 Nd6 39. b3 Rc3 40. Ra2
Ne4 41. f3 Rc1+ 42. Kh2 Ng3 43. Kh3 Rh1+ 44. Kg4 f5+ 45. Kf4 Re1 0-1

[Event "IV Festival A"]
[Site "Lido degli Estensi - Comacchio ITA"]
[Date "2003.06.13"]
[Round "7"]
[White "Vassallo Barroche, Mauricio"]
[Black "Chabanon, Jean-Luc"]
[Result "1/2-1/2"]
[WhiteElo "2440"]
[BlackElo "2492"]
[PlyCount "55"]
[EventDate "2003.06.06"]

1. Nf3 c5 2. c4 Nc6 3. e3 e5 4. Nc3 f5 5. d4 e4 6. d5 exf3 7. dxc6 dxc6 8.
Qxd8+ Kxd8 9. gxf3 Bd6 10. f4 Nf6 11. b3 Re8 12. Bb2 Kc7 13. O-O-O Be6 14. Rg1
Bf8 15. Na4 Ng4 16. Rg2 b5 17. Nc3 a6 18. Nb1 a5 19. h3 Nf6 20. cxb5 a4 21. Nd2
axb3 22. axb3 Ne4 23. Bxg7 Bxg7 24. Rxg7+ Kb6 25. Bc4 Ra1+ 26. Kc2 Ra2+ 27. Kc1
Nc3 28. Bxe6 1/2-1/2

[Event "IV Festival A"]
[Site "Lido degli Estensi - Comacchio ITA"]
[Date "2003.06.13"]
[Round "7"]
[White "Zichichi, Alvise"]
[Black "Bukal, Vladimir jr"]
[Result "0-1"]
[WhiteElo "2280"]
[BlackElo "2396"]
[PlyCount "118"]
[EventDate "2003.06.06"]

1. d4 d5 2. Nf3 Nc6 3. c4 Bg4 4. cxd5 Bxf3 5. gxf3 Qxd5 6. e3 e5 7. Nc3 Bb4 8.
Bd2 Bxc3 9. bxc3 exd4 10. cxd4 Nf6 11. Be2 O-O 12. O-O Rfe8 13. Rb1 Rad8 14.
Bc1 Qxa2 15. Rb2 Qe6 16. Kh1 Nd5 17. Qd2 Nb6 18. Qc2 a5 19. Rg1 h6 20. Bf1 a4
21. Rb1 Rd5 22. Bg2 Ra8 23. Ba3 Rd7 24. f4 Na5 25. Bc5 Nb3 26. Bxb7 Ra5 27. Be4
Qc4 28. Bxb6 Qxc2 29. Bxc2 cxb6 30. Bxb3 axb3 31. Rxb3 Ra2 32. Kg2 Rd6 33. Rgb1
Ra6 34. Kf3 Kf8 35. Rb5 Ke7 36. Rg1 g6 37. h4 Ra5 38. Re5+ Kd7 39. h5 gxh5 40.
Rh1 Kc6 41. Rexh5 Rxh5 42. Rxh5 b5 43. Ke4 Kb6 44. Kd3 Ka5 45. e4 Ka4 46. e5
Rb6 47. d5 b4 48. d6 b3 49. Rxh6 b2 50. Rh1 b1=Q+ 51. Rxb1 Rxb1 52. Ke4 Kb5 53.
Kf5 Kc6 54. Kf6 Kd7 55. Kxf7 Re1 56. Kf6 Re2 57. f3 Re3 58. f5 Rxf3 59. Kg6 Re3
0-1

[Event "IV Festival A"]
[Site "Lido degli Estensi - Comacchio ITA"]
[Date "2003.06.14"]
[Round "8"]
[White "Astengo, Corrado"]
[Black "Trabert, Bettina"]
[Result "1-0"]
[WhiteElo "2165"]
[BlackElo "2292"]
[PlyCount "83"]
[EventDate "2003.06.06"]

1. e4 e5 2. Nf3 Nc6 3. Bb5 a6 4. Ba4 Nf6 5. Qe2 Be7 6. c3 b5 7. Bb3 O-O 8. O-O
d6 9. Rd1 Bg4 10. h3 Bh5 11. d3 Re8 12. Nbd2 d5 13. Nf1 d4 14. g4 Nxg4 15. hxg4
Bxg4 16. N1h2 Bh5 17. Qf1 Na5 18. Bc2 Qc8 19. Bd2 dxc3 20. bxc3 Bd6 21. Kh1 c5
22. Qg2 Re6 23. Qh3 Bxf3+ 24. Qxf3 Rf6 25. Qe2 c4 26. d4 Nc6 27. d5 Ne7 28. Rg1
Rg6 29. f4 exf4 30. e5 Rxg1+ 31. Rxg1 Bc5 32. Rg4 g6 33. d6 Nf5 34. Bxf4 Ra7
35. Rg5 Ng7 36. Ng4 Ne6 37. Nf6+ Kg7 38. Rg4 Nxf4 39. Rxf4 h5 40. Qg2 Kh8 41.
Nxh5 gxh5 42. Rf5 1-0

[Event "IV Festival A"]
[Site "Lido degli Estensi - Comacchio ITA"]
[Date "2003.06.14"]
[Round "8"]
[White "Bordi, Kevin"]
[Black "Gennari, Leone"]
[Result "1-0"]
[WhiteElo "2173"]
[BlackElo "1876"]
[PlyCount "63"]
[EventDate "2003.06.06"]

1. e4 e6 2. d4 d5 3. Nd2 Nf6 4. e5 Nfd7 5. Bd3 c5 6. c3 Nc6 7. Ngf3 f6 8. exf6
Nxf6 9. O-O cxd4 10. cxd4 Bd6 11. Re1 O-O 12. Nf1 Qc7 13. Bg5 Bd7 14. Rc1 Rae8
15. Ne5 Bc8 16. Qc2 Bxe5 17. dxe5 h6 18. exf6 hxg5 19. Bg6 Rd8 20. f7+ Kh8 21.
Qe2 Rxf7 22. Qh5+ Kg8 23. Rc3 Rf4 24. g3 Rf7 25. Nd2 g4 26. Qxg4 e5 27. Qh4 Rd6
28. Qh7+ Kf8 29. Qh8+ Ke7 30. Rxe5+ Kf6 31. Qh4+ Kxg6 32. Qh5+ 1-0

[Event "IV Festival A"]
[Site "Lido degli Estensi - Comacchio ITA"]
[Date "2003.06.14"]
[Round "8"]
[White "Brumen, Dinko"]
[Black "Tocco, Paolo"]
[Result "1-0"]
[WhiteElo "2371"]
[BlackElo "2144"]
[PlyCount "81"]
[EventDate "2003.06.06"]

1. d4 f5 2. g3 Nf6 3. Bg2 g6 4. Nh3 Bg7 5. c3 d5 6. Nf4 c6 7. h4 Qd6 8. b3 Ne4
9. Ba3 Qf6 10. e3 Nd7 11. Qc2 Qf7 12. Nd2 Ndf6 13. Nf1 Nd7 14. h5 e5 15. hxg6
hxg6 16. Rxh8+ Bxh8 17. Nd3 exd4 18. cxd4 Nf8 19. f3 Ng5 20. O-O-O Nfe6 21. Ne5
Bxe5 22. dxe5 Qg7 23. f4 Ne4 24. Bxe4 fxe4 25. g4 Nc7 26. Qe2 Be6 27. Ng3 O-O-O
28. Bb2 Qd7 29. Qh2 Bxg4 30. Rd2 Bf5 31. Qh4 Ne6 32. Ne2 Nc5 33. Kb1 Nd3 34.
Ba3 c5 35. Rc2 b6 36. Nd4 Kb7 37. e6 Qd6 38. Nb5 Qb8 39. Qe7+ Ka6 40. Nc7+ Ka5
41. Bc1 1-0

[Event "IV Festival A"]
[Site "Lido degli Estensi - Comacchio ITA"]
[Date "2003.06.14"]
[Round "8"]
[White "Bukal, Vladimir jr"]
[Black "Kohlweyer, Bernd"]
[Result "0-1"]
[WhiteElo "2396"]
[BlackElo "2454"]
[PlyCount "70"]
[EventDate "2003.06.06"]

1. d4 d5 2. c4 c6 3. Nf3 Nf6 4. Nc3 dxc4 5. a4 Na6 6. e4 Bg4 7. Be3 Qa5 8. Bxc4
Nxe4 9. Qb3 Nd6 10. Ne5 Bh5 11. g4 Bg6 12. O-O-O Qb4 13. f4 Nxc4 14. Qxc4 Qxc4
15. Nxc4 e6 16. f5 exf5 17. d5 Bb4 18. d6 O-O 19. Ne5 Rfd8 20. Bf4 f6 21. Nxg6
hxg6 22. gxf5 gxf5 23. Rhg1 Rd7 24. Rg3 Rad8 25. Rdg1 Rf7 26. Rd1 Nc5 27. Na2
Ne6 28. Nxb4 Nxf4 29. Rf3 g5 30. a5 Rfd7 31. a6 bxa6 32. Nxc6 Rc8 33. Rc3 Ne2+
34. Kc2 Nxc3 35. Ne7+ Rxe7 0-1

[Event "IV Festival A"]
[Site "Lido degli Estensi - Comacchio ITA"]
[Date "2003.06.14"]
[Round "8"]
[White "Bukal, Vladimir sr"]
[Black "Drasko, Milan"]
[Result "1/2-1/2"]
[WhiteElo "2414"]
[BlackElo "2491"]
[PlyCount "29"]
[EventDate "2003.06.06"]

1. c4 Nf6 2. Nc3 e5 3. g3 Bb4 4. Bg2 O-O 5. e4 Bxc3 6. bxc3 d6 7. Ne2 a6 8. a4
Nc6 9. d3 Ne8 10. O-O f5 11. exf5 Bxf5 12. h3 Nf6 13. g4 Be6 14. Ng3 Qd7 15.
Qe2 1/2-1/2

[Event "IV Festival A"]
[Site "Lido degli Estensi - Comacchio ITA"]
[Date "2003.06.14"]
[Round "8"]
[White "Chabanon, Jean-Luc"]
[Black "Wohl, Aleksandar H."]
[Result "1/2-1/2"]
[WhiteElo "2492"]
[BlackElo "2401"]
[PlyCount "85"]
[EventDate "2003.06.06"]

1. d4 e6 2. c4 b6 3. e4 Bb7 4. Nc3 Bb4 5. Qc2 Ne7 6. Nge2 f5 7. f3 c5 8. d5
fxe4 9. fxe4 Ng6 10. Bd2 O-O 11. O-O-O a6 12. a3 Ba5 13. dxe6 dxe6 14. Na4
Bxd2+ 15. Qxd2 Nc6 16. Qxd8 Raxd8 17. Rxd8 Rxd8 18. Nxb6 Na5 19. Na4 Rc8 20.
Nec3 Ne5 21. g3 Kf7 22. Be2 Naxc4 23. Rd1 Ke7 24. b4 cxb4 25. axb4 a5 26. bxa5
Nxa5 27. Kd2 Nac4+ 28. Ke1 Nd6 29. Rd4 Bc6 30. Kd2 Rb8 31. Nc5 Ra8 32. Rb4 Ra5
33. Nd3 Ndc4+ 34. Ke1 Ra3 35. Nxe5 Nxe5 36. Kd2 Kd6 37. Bb5 Bxb5 38. Rxb5 g5
39. Rb6+ Kc5 40. Rb5+ Kd4 41. Rb4+ Kc5 42. Rb5+ Kd4 43. Rb4+ 1/2-1/2

[Event "IV Festival A"]
[Site "Lido degli Estensi - Comacchio ITA"]
[Date "2003.06.14"]
[Round "8"]
[White "Manca, Federico"]
[Black "Plachkinova Georgieva, Tatjana"]
[Result "1/2-1/2"]
[WhiteElo "2350"]
[BlackElo "2171"]
[PlyCount "44"]
[EventDate "2003.06.06"]

1. e4 c5 2. c3 b6 3. d4 Bb7 4. d5 Nf6 5. Bd3 c4 6. Bc2 e6 7. dxe6 fxe6 8. Nd2
Bc5 9. Ngf3 O-O 10. O-O Qc7 11. e5 Ng4 12. Ne4 Nxe5 13. Nxe5 Qxe5 14. Nxc5 Qxc5
15. Be3 Qe5 16. Qg4 Nc6 17. Qh4 g6 18. Rad1 Rf7 19. Qxc4 Qh5 20. f4 Rd8 21. Rf2
Rc8 22. Qe2 Qxe2 1/2-1/2

[Event "IV Festival A"]
[Site "Lido degli Estensi - Comacchio ITA"]
[Date "2003.06.14"]
[Round "8"]
[White "Mantovani, Renzo"]
[Black "Ortega, Lexy"]
[Result "1-0"]
[WhiteElo "2353"]
[BlackElo "2448"]
[PlyCount "85"]
[EventDate "2003.06.06"]

1. d4 Nf6 2. Nf3 e6 3. Bf4 b6 4. e3 Bb7 5. h3 d6 6. Bh2 Nbd7 7. Nbd2 Qe7 8. c3
g6 9. a4 a6 10. Be2 h6 11. O-O g5 12. Ne1 e5 13. dxe5 Nxe5 14. a5 b5 15. c4
bxc4 16. Nxc4 Nxc4 17. Qa4+ Qd7 18. Qxc4 Bg7 19. Rc1 Rc8 20. Bf3 c6 21. Qb4 Rd8
22. Bxd6 Nd5 23. Qe4+ Qe6 24. Qxe6+ fxe6 25. Bh5+ Kd7 26. Ba3 Kc7 27. Nd3 Nxe3
28. fxe3 Rxd3 29. Rf7+ Rd7 30. Rxd7+ Kxd7 31. Rf1 Be5 32. Rf7+ Kc8 33. Bg4 Kb8
34. Bxe6 Bc7 35. Bb4 Bc8 36. Bxc8 Kxc8 37. g4 h5 38. Bc3 Rh6 39. Rf6 Rh7 40.
Rxc6 Kb7 41. Rg6 hxg4 42. hxg4 Rh3 43. Kf2 1-0

[Event "IV Festival A"]
[Site "Lido degli Estensi - Comacchio ITA"]
[Date "2003.06.14"]
[Round "8"]
[White "Mozes, Ervin"]
[Black "Frilli, Guido"]
[Result "1/2-1/2"]
[WhiteElo "2345"]
[BlackElo "1963"]
[PlyCount "171"]
[EventDate "2003.06.06"]

1. g3 d5 2. Bg2 c6 3. Nf3 Bg4 4. b3 Nd7 5. Bb2 Ngf6 6. d3 e6 7. Nbd2 Be7 8. c4
a5 9. a3 O-O 10. O-O b5 11. Qc2 Qb6 12. Rfc1 c5 13. h3 Bxf3 14. Bxf3 Rab8 15.
Rab1 Rfd8 16. e4 dxe4 17. dxe4 bxc4 18. Qxc4 Qd6 19. Qc3 Ne5 20. Qxa5 Qxd2 21.
Qxd8+ Rxd8 22. Bxe5 Qa5 23. a4 Rd3 24. Be2 Rd8 25. Rc4 Nd7 26. Bc3 Qa7 27. a5
Bf6 28. Be1 Ne5 29. Ra4 Nd3 30. a6 Nxe1 31. Rxe1 Bd4 32. Bc4 Bc3 33. Re3 Bb4
34. Kg2 Rd4 35. Ra2 g6 36. Ree2 Qa8 37. f3 Kg7 38. Ra4 Qa7 39. Ra1 Kf6 40. Raa2
h5 41. Ra1 h4 42. gxh4 Rd8 43. Kg3 Bc3 44. Rf1 Be5+ 45. f4 Bb8 46. e5+ Ke7 47.
Ree1 Qd7 48. Rf2 Qd4 49. Rfe2 Qc3+ 50. Re3 Qb4 51. R3e2 Rd4 52. Rc1 Rd2 53.
Rxd2 Qxd2 54. Rf1 Qe3+ 55. Kg2 f6 56. Rf3 Qe1 57. exf6+ Kxf6 58. Rf2 Qe4+ 59.
Kg1 Kg7 60. Re2 Qxf4 61. Rxe6 Qg3+ 62. Kf1 Qxh3+ 63. Ke2 Qxh4 64. Rb6 Qe4+ 65.
Kd1 Qe5 66. Kc2 g5 67. Rb7+ Kh6 68. Bd3 g4 69. a7 Bxa7 70. Rxa7 g3 71. Ra6+ Kg5
72. Rg6+ Kf4 73. Rg8 Kf3 74. Rf8+ Kg2 75. Rf5 Qe3 76. Bc4 Kg1 77. Bd5 g2 78.
Bxg2 Kxg2 79. Rd5 Qe4+ 80. Rd3 Kf2 81. Kc3 Qb4+ 82. Kc2 Ke2 83. Rc3 Qd4 84. Rc4
Qd3+ 85. Kb2 Kd2 86. Ka2 1/2-1/2

[Event "IV Festival A"]
[Site "Lido degli Estensi - Comacchio ITA"]
[Date "2003.06.14"]
[Round "8"]
[White "Mrdja, Milan"]
[Black "De Vita, Igor"]
[Result "1/2-1/2"]
[WhiteElo "2353"]
[BlackElo "2158"]
[PlyCount "27"]
[EventDate "2003.06.06"]

1. e4 e5 2. Nf3 Nc6 3. Bb5 d6 4. c3 Nf6 5. O-O Bd7 6. Re1 Be7 7. h3 O-O 8. a4
Re8 9. d4 Bf8 10. Nbd2 a6 11. Bc4 h6 12. a5 Qc8 13. Qc2 g6 14. Nf1 1/2-1/2

[Event "IV Festival A"]
[Site "Lido degli Estensi - Comacchio ITA"]
[Date "2003.06.14"]
[Round "8"]
[White "Naumkin, Igor"]
[Black "Blagojevic, Dragisa"]
[Result "0-1"]
[WhiteElo "2431"]
[BlackElo "2548"]
[PlyCount "64"]
[EventDate "2003.06.06"]

1. d4 Nf6 2. Nf3 d5 3. c4 e6 4. Nc3 Nbd7 5. Bg5 c6 6. cxd5 exd5 7. e3 Bd6 8.
Bd3 Nf8 9. Ne5 Qe7 10. f4 h6 11. Bh4 g5 12. fxg5 hxg5 13. Bxg5 Rg8 14. Bh4 Bxe5
15. dxe5 Qxe5 16. O-O Ng4 17. Bg3 Qxe3+ 18. Kh1 Rh8 19. Rf3 Qe7 20. Qa4 Be6 21.
Re1 Rxh2+ 22. Bxh2 Qh4 23. Rxe6+ Nxe6 24. Rh3 Qe1+ 25. Bg1 Nf2+ 26. Kh2 Qe5+
27. g3 Nxd3 28. Qh4 b6 29. Qa4 Kd7 30. Bxb6 d4 31. Qa6 axb6 32. Qxd3 Kc7 0-1

[Event "IV Festival A"]
[Site "Lido degli Estensi - Comacchio ITA"]
[Date "2003.06.14"]
[Round "8"]
[White "Skembris, Spyridon"]
[Black "Golod, Vitali"]
[Result "1/2-1/2"]
[WhiteElo "2448"]
[BlackElo "2538"]
[PlyCount "23"]
[EventDate "2003.06.06"]

1. d4 Nf6 2. c4 e6 3. Nf3 d5 4. g3 Bb4+ 5. Bd2 Be7 6. Bg2 O-O 7. Qc2 c6 8. O-O
Nbd7 9. Rd1 b6 10. cxd5 cxd5 11. Nc3 Bb7 12. Rac1 1/2-1/2

[Event "IV Festival A"]
[Site "Lido degli Estensi - Comacchio ITA"]
[Date "2003.06.14"]
[Round "8"]
[White "Sulava, Nenad"]
[Black "Aldrovandi, Antonio"]
[Result "1/2-1/2"]
[WhiteElo "2516"]
[BlackElo "2220"]
[PlyCount "102"]
[EventDate "2003.06.06"]

1. Nf3 Nf6 2. g3 g6 3. b3 Bg7 4. Bb2 O-O 5. Bg2 c5 6. c4 Nc6 7. O-O d6 8. d4
cxd4 9. Nxd4 Bd7 10. Nc3 Nxd4 11. Qxd4 Bc6 12. Nd5 Ne8 13. Qd2 Bxb2 14. Qxb2
Nc7 15. e4 Nxd5 16. exd5 Bd7 17. Rfe1 f6 18. Re3 Rf7 19. h4 Qf8 20. b4 b6 21.
Ra3 g5 22. hxg5 fxg5 23. Re1 Qh6 24. Rae3 Re8 25. Qd4 Bh3 26. Bxh3 Qxh3 27. Re6
Rg7 28. Rxd6 Rf8 29. Rde6 Rf4 30. R1e4 Rh4 31. gxh4 gxh4+ 32. Qxg7+ Kxg7 33.
Rxe7+ Kg6 34. R7e6+ Kf5 35. d6 Qd3 36. R6e5+ Kf6 37. Re6+ Kf5 38. c5 bxc5 39.
bxc5 Qd1+ 40. Kg2 h3+ 41. Kxh3 Qf3+ 42. Kh4 Qxf2+ 43. Kh3 Qf3+ 44. Kh2 Qf2+ 45.
Kh3 Qf3+ 46. Kh2 Qf2+ 47. Kh3 Qf3+ 48. Kh2 Qf2+ 49. Kh1 Qf1+ 50. Kh2 Qf2+ 51.
Kh1 Qf1+ 1/2-1/2

[Event "IV Festival A"]
[Site "Lido degli Estensi - Comacchio ITA"]
[Date "2003.06.14"]
[Round "8"]
[White "Thompson, Ian D."]
[Black "Rigo, Gianfrancesco"]
[Result "1-0"]
[WhiteElo "2290"]
[BlackElo "2055"]
[PlyCount "49"]
[EventDate "2003.06.06"]

1. Nf3 e6 2. c4 Nf6 3. g3 b6 4. Bg2 Bb7 5. O-O Be7 6. d3 O-O 7. e4 d6 8. Nc3 c5
9. a3 Nc6 10. Re1 Ne5 11. Ng5 h6 12. Nh3 Ng6 13. f4 d5 14. cxd5 exd5 15. e5 Ne8
16. f5 Nh8 17. Nf4 Bg5 18. Nfxd5 Ba6 19. Bxg5 hxg5 20. Qf3 Nc7 21. Nxc7 Qxc7
22. Nd5 Qd7 23. f6 g6 24. Ne7+ Kh7 25. g4 1-0

[Event "IV Festival A"]
[Site "Lido degli Estensi - Comacchio ITA"]
[Date "2003.06.14"]
[Round "8"]
[White "Tomescu, Vlad"]
[Black "Khenkin, Igor"]
[Result "1/2-1/2"]
[WhiteElo "2412"]
[BlackElo "2644"]
[PlyCount "83"]
[EventDate "2003.06.06"]

1. e4 c6 2. d4 d5 3. e5 Bf5 4. Ne2 e6 5. Ng3 Bg6 6. h4 h6 7. h5 Bh7 8. Bd3 Bxd3
9. cxd3 Qb6 10. Be3 Qxb2 11. Nd2 Qa3 12. Rb1 b6 13. Qc2 Bb4 14. O-O Ne7 15. Rb3
Qa4 16. Nf3 Na6 17. Rfb1 Rc8 18. Qb2 c5 19. dxc5 bxc5 20. d4 O-O 21. a3 cxd4
22. Bxh6 Rc3 23. axb4 Rxb3 24. Qxb3 Qxb3 25. Rxb3 gxh6 26. Nxd4 Rc8 27. b5 Rc1+
28. Kh2 Nc5 29. Ra3 Rc4 30. Nge2 Ra4 31. Rxa4 Nxa4 32. f4 Nc5 33. Kg3 a5 34.
bxa6 Nxa6 35. Kf3 Nc5 36. Ke3 Kg7 37. g4 f6 38. Nf3 Nc6 39. Ned4 Nxd4 40. Kxd4
Nd7 41. exf6+ Kxf6 42. g5+ 1/2-1/2